• 首页
  • 本馆介绍
  • 公告通知
  • 最新文献
  • 馆藏检索
  • 电子资源
  • 读者导购
  • 参考咨询
  • 我的图书馆
  • 登录
  • 详细信息显示
  • 放入我的书架
  • 预约/预借图书
  • 作者相关作品
  • 分类相关作品
  • 丛书相关作品
  • 出版社相关作品

书目信息

  • 表格格式
  • 工作单格式
  • 卡片格式
题名:
铃木小提琴教材
    
 
作者: 铃木镇一 编著 ;魏然 译
分册:  
出版信息: 北京   人民音乐出版社  2003
页数: 170页
开本: 31cm
丛书名:
单 册:
中图分类: J622.16
科图分类:
主题词: 小提琴--奏法--教材 , 奏法 , 小提琴
电子资源:
ISBN: 7-103-02633-5
000 00884ncm0 2200277 450
001 002404401
005 20070806180126.17
010    @a7-103-02633-5@dCNY36.00
100    @a20030707d2003 em y0chiy0110 ea
101 1  @achi@cjpn
102    @aCN@b110000
105    @aga z 000yy
200 1  @a铃木小提琴教材@9ling mu xiao ti qin jiao cai@e第一——八册@f(日)铃木镇一编著@g魏然译
210    @a北京@c人民音乐出版社@d2003@h2006
215    @a170页@c照片@d31cm@e光盘1片
305    @a美国Warner Bros.出版公司授权出版
307    @a附光盘 ISRC CN-M26-02-329-00/A.J6
510 1  @aSuzuki Violin School@eViolin Part Volume(1~8)@zeng
606 0  @a小提琴@x奏法@j教材
606 0  @a奏法
606 0  @a小提琴
690    @aJ622.16@v4
701  0 @c(日)@a铃木镇一@9ling mu zhen yi@4编著
702  0 @a魏然@9wei ran@c(音乐)@4译
801  0 @aCN@bNLC@c20070806
905    @a10447@dJ622.16@e202
    
    铃木小提琴教材:第一——八册/(日)铃木镇一编著/魏然译.-北京:人民音乐出版社,2003(2006)
    170页:照片;31cm+光盘1片
    
    
    ISBN 7-103-02633-5:CNY36.00
    
●
相关链接 在E读中查询图书 在五车中查询图书 在当当中查询图书 在豆瓣中查询图书


正题名:铃木小提琴教材     索取号:J622.16/202         预约/预借

序号 登录号 条形码 馆藏地/架位号 状态 备注
1 0804911   208049119   第一样本阅览室/ [索取号:J622.16/202] 在馆    
2 0804912   208049128   第一借阅区/ [索取号:J622.16/202] 在馆    
3 0804913   208049137   第一借阅区/ [索取号:J622.16/202] 在馆    
4 0804914   208049146   第一借阅区/ [索取号:J622.16/202] 在馆    
5 0804915   208049155   音乐系资料室/ [索取号:J622.16/202] 在馆    
唐山师范学院图书馆 欢迎您!
大连网信软件有限公司© 版权所有